000 00493nam a2200169Ia 4500
999 _c6412
_d6412
020 _a9788189497163
082 _aRR 305.800954165 HAM
100 _aHam, Peter Van
245 0 _aExpedition Naga: diaries from the hills in Northeast India 1921-1937. 2002-2006
260 _aNew Delhi
_bTimeless Books
_c2006
300 _a295
504 _aincludes bibliography
650 _aIndia, North east
_vHistory
650 _aNaga (South Asian people)
_zIndia
700 _aSaul, Jamie
942 _cBK